| 000 | 00737nam a2200253Ia 4500 | ||
|---|---|---|---|
| 003 | OSt | ||
| 005 | 20220928115225.0 | ||
| 006 | a|||||r|||| 00| 0 | ||
| 007 | ta | ||
| 008 | 220927b |||||||| |||| 00| 0 eng d | ||
| 020 | _c3697.2600000000002 | ||
| 024 | _a128763 | ||
| 037 |
_b177, 03/03/2016, Excel Book International _cTextual |
||
| 040 |
_aSDCL _cSDCL _beng |
||
| 041 |
_2eng _aeng |
||
| 082 | _aBObC, Q4 | ||
| 100 |
_aGrozin Andrey _9443426 |
||
| 245 | 0 | _aIntroduction to mathematica for physicists | |
| 260 |
_aCham _bSpringer _c2014 |
||
| 300 |
_ax;219p. _ccm. |
||
| 650 | _aI I C | ||
| 942 |
_hBObC, Q4 _cTEXL _2CC |
||
| 999 |
_c758572 _d758572 |
||